A tale of two cities [

Bibliographic Details
Main Author: Dickens, Charles
Format: Book
Published: s.l. : Vestron Video , 19_.
Subjects:

MARC

LEADER 00000cam a2200000 7i4500
001 0000000255
002 000000325
005 20010208.0
020 |a 000000325 
090 0 0 |a JF   |b TAL 
100 1 |a Dickens, Charles 
245 1 2 |a A tale of two cities [  |h videorecording]   |c Charles Dickens 
260 |a s.l. :   |b Vestron Video ,   |c 19_. 
300 |a 1 videocassette VHS (72:00 min) :   |b Col.(PAL) 
650 0 0 |a Children fiction   |x cartoons and caricatures 
999 |a PV0125   |b VIDEO   |c JUNIOR REFERENCE   |e PERPUSTAKAAN KOMUNITI PETALING JAYA